000 004650000a22001810004500
003 MACL
005 20151028151318.0
008 151028b xxu||||| |||| 00| 0 eng d
040 _aMACL
_cMACL
041 _aEnglish
082 _a333/BHA
100 _aBhangu, Narinder kumar
_917196
245 _aSave Environment
_ba wake up call to
260 _bSun Flower books
_c2008
_aNew Delhi
350 _a150
650 _aEnvironment
_917197
942 _cBK
_k333/BHA
_2ddc
999 _c44471
_d44471